000
00247nam a22001217a 4500
003
SGT
082
_a
823
_b
MCC
100
_a
MCCORMACK MARK H
245
_a
BEYOND HARVARD
260
_a
LONDON
_b
PBL PUB
_c
2017
300
_a
256
942
_2
ddc
_c
BK
999
_c
33533
_d
33533